Translation und Fachkommunikation <Die> Beiträge von der 4. Internationalen translationswissenschaftlichen Sommerschule, die 2016 im Rahmen des CEEPUS, an der Neuen Bulgarischen Universität, (Sofia, Bulgaria) stattgefunden hat

Saved in:
Bibliographic Details
Corporate Authors: Translation und Fachkommunikation. Internationale translationswissenschaftliche Sommerschule, Neue Bulgarische Universität in Sofia, Universität in Maribor
Other Authors: Kučiš, Vlasta, Grozeva, Maria, Lambova, Anelia, Levi, Anushka, Brambarova, Anelia
Format: Book
Language:German
English
Russian
Italian
Published: Sofia Neue Bulgarische Universität Verlag 2019
Edition:1. Auflage
Subjects:
Tags: Add Tag
No Tags, Be the first to tag this record!

MARC

LEADER 00000nlm a2200000 4500
001 0258622
005 20240826113946.5
020 |a 978-619-233-076-7 
020 |a 978-619-233-077-4 
041 0 |a ger 
041 0 |a eng 
041 0 |a rus 
041 0 |a ita 
044 |a BG 
245 1 0 |a Translation und Fachkommunikation  |b <Die> Beiträge von der 4. Internationalen translationswissenschaftlichen Sommerschule, die 2016 im Rahmen des CEEPUS, an der Neuen Bulgarischen Universität, (Sofia, Bulgaria) stattgefunden hat  |c herausgegeben von: Vlasta Kučiš, Maria Grozeva, Anelia Lambova ; Rezension: Anushka Levi, Anelia Brambarova 
250 |a 1. Auflage 
264 1 |a Sofia  |b Neue Bulgarische Universität Verlag  |c 2019 
300 |a online 289 s. 
610 2 0 |a prekladateľstvo 
610 2 0 |a tlmočníctvo 
610 2 0 |a komunikácia 
610 2 0 |a kultúra 
610 2 0 |a jazyky cudzie 
610 2 0 |a didaktika 
610 2 0 |a právo 
610 2 0 |a jazykoveda 
610 2 0 |a terminológia 
610 2 0 |a reálie 
610 2 0 |a umenie 
610 2 0 |a technológie informačné 
700 1 |a Kučiš, Vlasta 
700 1 |a Grozeva, Maria 
700 1 |a Lambova, Anelia 
700 1 |a Levi, Anushka 
700 1 |a Brambarova, Anelia 
110 2 |a Translation und Fachkommunikation. Internationale translationswissenschaftliche Sommerschule 
710 2 |a Neue Bulgarische Universität in Sofia 
710 2 |a Universität in Maribor